书目信息 |
| 题名: |
微分几何
|
|
| 作者: | 梅向明 , 黄敬之 编 | |
| 分册: | ||
| 出版信息: | 北京 高等教育出版社 1988.2 |
|
| 页数: | 357页 | |
| 开本: | 20cm | |
| 丛书名: | ||
| 单 册: | ||
| 中图分类: | O186.1 | |
| 科图分类: | ||
| 主题词: | 微分几何--高等学校--教材 | |
| 电子资源: | ||
| ISBN: | 7-04-000245-0 | |
| 000 | 00725nam0 2200253 45 | |
| 001 | 0189014443 | |
| 005 | 20061018153413.54 | |
| 010 | @a7-04-000245-0@dCNY14.60 | |
| 100 | @a19910304d1988 m y0chiy0120 ea | |
| 101 | 0 | @achi |
| 102 | @aCN@b110000 | |
| 105 | @ay j 000yy | |
| 200 | 10 | @a微分几何@Awei fen ji he@f梅向明,黄敬之编@Fmei xiang ming , huang jing zhi bian |
| 205 | @a2版 | |
| 210 | @a北京@c高等教育出版社@d1988.2 | |
| 215 | @a357页@d20cm | |
| 300 | @a高等学校教材 | |
| 540 | 1 | @a微分几何@Awei fen ji he |
| 606 | @a微分几何@x高等学校@x教材 | |
| 690 | @aO186.1@v1980 | |
| 701 | 0 | @a梅向明@Amei xiang ming@4编 |
| 701 | 0 | @a黄敬之@Ahuang jing zhi@4编 |
| 801 | 0 | @aCN@bNLC@c20061018 |
| 905 | @dO186.1@e12=2 | |
| 微分几何/梅向明,黄敬之编.-2版.-北京:高等教育出版社,1988.2 |
| 357页;20cm |
| 高等学校教材 |
| ISBN 7-04-000245-0:CNY14.60 |
| ● |
| 相关链接 |
|
|
|
|
正题名:微分几何
索取号:O186.1/12=2
 
预约/预借
| 序号 | 登录号 | 条形码 | 馆藏地/架位号 | 状态 | 备注 |
| 1 | 0489250 | 204892508 | 密集书库/ [索取号:O186.1/12=2] | 在馆 | |
| 2 | 0489251 | 204892517 | 密集书库/ [索取号:O186.1/12=2] | 在馆 | |
| 3 | 0489252 | 204892526 | 密集书库/ [索取号:O186.1/12=2] | 在馆 | |
| 4 | 0489253 | 204892535 | 密集书库/ [索取号:O186.1/12=2] | 在馆 | |
| 5 | 0502782 | 205027825 | 密集书库/ [索取号:O186.1/12=2] | 在馆 |